| 000 | 00518nam a22001697a 4500 | ||
|---|---|---|---|
| 005 | 20250306145334.0 | ||
| 008 | 241009b |||||||| |||| 00| 0 eng d | ||
| 020 | _a9781119820970 | ||
| 082 | _aDC 005.12 B413 2023 | ||
| 100 |
_aBell, Michael. _962572 |
||
| 245 |
_aSoftware architect / _cMichael Bell. |
||
| 260 |
_aNew Jersey : _bJohn Wiley & Sons, Inc., _c©2023. |
||
| 300 |
_axli, 386 pages : _billustrations ; _c23 cm. |
||
| 500 | _aIncludes index. | ||
| 650 | 0 |
_aSoftware architecture. _963018 |
|
| 942 |
_2ddc _cDC |
||
| 999 |
_c22365 _d22365 |
||